| 000 | 01900nam a22002657a 4500 | ||
|---|---|---|---|
| 999 |
_c58316 _d58316 |
||
| 003 | Ge_BSU | ||
| 005 | 20211103132729.0 | ||
| 008 | 211103s2020 ge ||||| |||| 00| 0 geo d | ||
| 020 | _a9789941828980 | ||
| 041 | _ageo | ||
| 080 | _a1(479.22) ი -76 | ||
| 100 |
_aირემაძე, თენგიზ _92229 |
||
| 245 |
_aახალი დროის ქართული ფილოსოფია = Early Modern Georgian Philosophy : _bსისტემური მონახაზი მისი სპეციფიკის გასაგებად / _c თენგიზ ირემაძე ; რედაქტორები: მიხეილ გოგატიშვილი, ლალი ზაქარაძე, გიორგი ხუროშვილი ; ყდის დიზაინი გიორგი ბაგრატიონი ; ახალი საქართველოს უნივერსიტეტი, კავკასიური ფილოსოფიისა და თეოლოგიის სამეცნიერო-კვლევითი არქივი. |
||
| 250 | _aI გამოცემა. | ||
| 264 |
_aთბილისი, _c2020. |
||
| 300 |
_a142 გვ. ; _b19 სმ. |
||
| 504 | _aსაძიებლები: გვ.129-138. | ||
| 520 | _aრეზიუმე ინგლისურ ენაზე. | ||
| 653 | _a ფილოსოფია | ||
| 700 |
_aგოგატიშვილი, მიხეილ _eრედაქტორი _912795 |
||
| 700 |
_aზაქარაძე, ლალი _eრედაქტორი _912796 |
||
| 700 |
_aხუროშვილი, გიორგი _eრედაქტორი _95941 |
||
| 700 |
_aბაგრატიონი, გიორგი _eყდის დიზაინერი _912797 |
||
| 942 |
_2udc _cBK |
||